00636nam a2200193Ia 4500008004100000020001400041082001900055100002200074245004600096250000700142260005000149300002600199500001900225600002700244650001500271942000700286952013400293999001500427240925s9999 xx 000 0 und d a521498473 a621.381078 HAY aHayes ,Thomas C. 0aStudent Manual for The Art of Electronics aNA aCambridge:bCambridge Universty pressc,1989. ax,468p.bNAfOriginal aIncludes Index aElectronic Engineering aTechnology cBK 001040708ELaUITUbUITUd2001-06-25eRoyal Book Companyg292.61l0o621.381078 HAYpQ3720r2024-09-25 07:13:15w2024-09-25yBK c6219d6219